| 000 | 01226nam a2200289 a 4500 | ||
|---|---|---|---|
| 999 |
_c418731 _d418731 |
||
| 003 | BLK | ||
| 005 | 20230904173705.0 | ||
| 008 | 200812b bu |||||r|||| 00| | bu d | ||
| 020 | _a9786191643912 | ||
| 040 | _aBLK | ||
| 041 |
_aBUL _cBUL |
||
| 080 |
_aБългарска литература _b821.163.2 _x(081.1) _z821.163.2(081.1) |
||
| 100 |
_9423764 _aДилов, Любен _eпърви автор _gИванов, Любен Дилов |
||
| 139 |
_aДилов, Любен _bД 55 |
||
| 245 |
_aСъбрани съчинения _bТ. 1 - _cЛюбен Дилов _nТ. 7 _pПарадоксът на огледалото |
||
| 260 |
_9215899 _aСофия _bEnthusiast _c2021 |
||
| 300 |
_a400 с. _c21 см |
||
| 380 | _aX | ||
| 500 | _aПълната форма на името на Любен Дилов е Любен Дилов Иванов; В кн. погрешно отпеч. 3. изд. Биогр. данни за авт. отбелязани на гърба на кор. | ||
| 700 | 1 |
_990204 _aЛюбенов, Любен Иванов _e* |
|
| 760 |
_dСофия _h400 с. _oТ. 7 |
||
| 852 | _aЦб 307680 | ||
| 942 |
_cKNG _n0 _s1 _07 |
||
| 944 |
_aCR _c2021-06-09 _k30576 _lЦветомила Тодорова |
||
| 999 | _d418731 | ||
| 999 | _d418731 | ||